| 000 | 00553nam a2200181Ia 4500 | ||
|---|---|---|---|
| 008 | 090711s9999 xx 000 0 und d | ||
| 082 | _b43595 | ||
| 100 | _aओशो रजनीश | ||
| 245 | _aदिव्याखाली अंधार | ||
| 260 | _c1976 | ||
| 300 | _a50 | ||
| 600 | _aओशो रजनीश | ||
| 630 | _aदिव्याखाली अंधार | ||
| 700 | _aओशो रजनीश | ||
| 700 | _aवंदना आनंद | ||
| 730 | _aदिव्याखाली अंधार | ||
| 942 | _cBOOK | ||
| 999 |
_c285646 _d285646 |
||